Straits Settlements Chapter 133 Municipal Ordinance
| Corporate Author: | |
|---|---|
| Format: | Book |
| Published: |
Singapore :
[Government Printing Office] ,
1936
|
| Subjects: |
MARC
| LEADER | 00000cam a2200000 7i4500 | ||
|---|---|---|---|
| 001 | 0000007614 | ||
| 005 | 20160923.0 | ||
| 040 | |a INS | ||
| 090 | 0 | 0 | |a KPG5232.A28 |b M23 1936 |
| 110 | 2 | |a Malaya(Straits Settlement). Kaws , etc. | |
| 245 | 0 | 0 | |a Straits Settlements |c (Edition of 1963) : |b Chapter 133 Municipal Ordinance |
| 260 | |a Singapore : |b [Government Printing Office] , |c 1936 | ||
| 300 | |a 241p : |b 24 cm | ||
| 650 | 0 | |a Municipal government | |
| 650 | 0 | 0 | |a Malaysia |x History |
| 650 | 0 | 0 | |a Straits Settlement |x History |
| 999 | |a 0000023550 |b BOOK |c Open Shelf |e Default branch | ||